| 000 | 00546nam a22001937a 4500 | ||
|---|---|---|---|
| 003 | OSt | ||
| 005 | 20160426161702.0 | ||
| 008 | 160426b xxu||||| |||| 00| 0 eng d | ||
| 020 | _a0415173043 | ||
| 040 | _cDDC. | ||
| 082 | _a370.1WIN 1999. | ||
| 100 |
_aWinch,Christopher;Gingell,John; _98321 |
||
| 245 | _aKey concepts in the Philosophy of education: | ||
| 260 |
_aLondon,New York. _bRoutledge; _c1999. |
||
| 300 |
_axiii,282p; _bill; _c18cm. |
||
| 504 | _aincludes index and Bibliography. | ||
| 650 |
_aEducation. _91404 |
||
| 942 |
_2ddc _cSLOAN |
||
| 999 |
_c3780 _d3780 |
||